000 00474nam a22001817a 4500
003 NUST - PNEC
005 20170116181027.0
008 150907b xxu||||| |||| 00| 0 eng d
020 _a0071126163
040 _cLIBRARY
082 _a621.3 FOW
100 _910883
_aFowler, Richard J.
245 _aElectricity : principles and applications
_c Fowler, Richard J.
250 _a3rd ed.
260 _cc1989.
650 _96100
_aDigital electronics
_xME
942 _2ddc
_cBK
999 _c67604
_d67604